12 Brown boys / (Record no. 4525)
[ view plain ]
| 000 -LEADER | |
|---|---|
| fixed length control field | 01571nam a22003017a 4500 |
| 001 - CONTROL NUMBER | |
| control field | 4525 |
| 003 - CONTROL NUMBER IDENTIFIER | |
| control field | FISKH |
| 005 - DATE AND TIME OF LATEST TRANSACTION | |
| control field | 20240913102541.0 |
| 008 - FIXED-LENGTH DATA ELEMENTS--GENERAL INFORMATION | |
| fixed length control field | 240913b cb ||||| |||| 00| 0 eng d |
| 020 ## - INTERNATIONAL STANDARD BOOK NUMBER | |
| International Standard Book Number | 9780545221580 |
| 040 ## - CATALOGING SOURCE | |
| Original cataloging agency | FISKH |
| Language of cataloging | eng |
| Transcribing agency | FISKH |
| Modifying agency | FISKH |
| 050 ## - LIBRARY OF CONGRESS CALL NUMBER | |
| Classification number | PZ7.T977 |
| 082 ## - DEWEY DECIMAL CLASSIFICATION NUMBER | |
| Edition number | 813.54 |
| 100 ## - MAIN ENTRY--PERSONAL NAME | |
| Personal name | Tyree, Omar |
| Dates associated with a name | 1969- |
| 245 ## - TITLE STATEMENT | |
| Title | 12 Brown boys / |
| Statement of responsibility, etc. | By Mr. Creative Omar Tyree |
| 250 ## - EDITION STATEMENT | |
| Edition statement | First printing in 2009 |
| 260 ## - PUBLICATION, DISTRIBUTION, ETC. | |
| Place of publication, distribution, etc. | New York : |
| Name of publisher, distributor, etc. | Scholastic, |
| Date of publication, distribution, etc. | 2009. |
| 300 ## - PHYSICAL DESCRIPTION | |
| Extent | 188 pages : |
| Other physical details | illustration ; |
| Dimensions | 20cm |
| 505 ## - FORMATTED CONTENTS NOTE | |
| Formatted contents note | R<br/> |
| 520 ## - SUMMARY, ETC. | |
| Summary, etc. | "12 Brown Boys by Omar Tyree is a collection of short stories that focuses on the lives of Black pre-teen boys. Readers will connect with Tyree's engaging characters including: Red Head Mike who hates his nickname, but hates his red hair even more. Chestnut, who is sent to live with relatives down south to keep him out of trouble in his Brooklyn neighborhood. William the Santa Monica super kid whose status as a scholar and entrepreneur has even his best friends hating him. Wayne, who resents his role as the oldest child until a tragedy strikes the family. Tyree has assembled a wide range of characters that reflect the diversity of experiences of Black boys - characters that are funny, serious, edgy, street-wise, studious, and all unforgettable. " -- cover. |
| 521 8# - TARGET AUDIENCE NOTE | |
| Target audience note | 760L<br/> |
| Source | Lexile<br/> |
| 521 8# - TARGET AUDIENCE NOTE | |
| Target audience note | R<br/> |
| Source | Raz-Plus<br/> |
| 650 ## - SUBJECT ADDED ENTRY--TOPICAL TERM | |
| Source of heading or term | Short stories |
| Topical term or geographic name entry element | Middle school |
| 650 ## - SUBJECT ADDED ENTRY--TOPICAL TERM | |
| Source of heading or term | African American |
| Topical term or geographic name entry element | Fantasy |
| 700 ## - ADDED ENTRY--PERSONAL NAME | |
| Personal name | J.Hudson, Stephan |
| Dates associated with a name | illustrator |
| 942 ## - ADDED ENTRY ELEMENTS (KOHA) | |
| Source of classification or shelving scheme | Dewey Decimal Classification |
| Koha item type | Books |
| Suppress in OPAC | No |
| Withdrawn status | Lost status | Source of classification or shelving scheme | Damaged status | Not for loan | Collection | Home library | Current library | Shelving location | Date acquired | Total Checkouts | Full call number | Barcode | Date last seen | Copy number | Price effective from | Koha item type |
|---|---|---|---|---|---|---|---|---|---|---|---|---|---|---|---|---|
| Dewey Decimal Classification | Fiction | Footprints International School Library Network Toul Kork Campus | Footprints International School Library Network Toul Kork Campus | 09/13/2024 | TYR 813.54 PZ7.T977 | 2024-1950 | 09/13/2024 | 1 | 09/13/2024 | Books |
